Divadelná scénografia v dialógu s architektonickým priestorom

Salvato in:
Dettagli Bibliografici
Autore principale: Mazalán, Peter, 1984- (Autore)
Altri autori: Ptačin, Ján (Revisore), Nagyová, Nora (Revisore)
Natura: Libro
Lingua:slovacco
Pubblicazione: Bratislava : SPEKTRUM STU, 2023
Edizione:1. vydanie
Serie:Edícia skrípt edičné číslo 6145
Soggetti:
Tags: Aggiungi Tag
Nessun Tag, puoi essere il primo ad aggiungerne!!

MARC

LEADER 00000nam a22000003a 4500
001 0105350
003 SK-STU
005 20240109092340.0
007 ta
008 231005s ----xo-----e------000-0-----d
020 |a 978-80-227-5296-1 
035 |a biblio/1080275  |2 CREPC2 
040 |a STU  |b slo 
041 0 |a slo 
044 |a xo 
100 1 |a Mazalán, Peter,  |d 1984-  |u 055150  |4 aut  |9 100  |r Z1  |U FAD Fakulta architektúry a dizajnu  |T FAD Ústav interiéru a výstavníctva  |X 17958  |U A5150  |Y 396  |7 A000017958 
245 1 0 |a Divadelná scénografia v dialógu s architektonickým priestorom  |h [elektronický zdroj]  |c  / aut. Peter Mazalán ; rec. Ján Ptačin, Nora Nagyová 
250 |a 1. vydanie 
260 |a Bratislava :  |b SPEKTRUM STU,  |c 2023 
300 |a 105 s.  |b CD-ROM 
490 1 |a Edícia skrípt  |v edičné číslo 6145 
650 4 |a architektonické navrhovanie 
650 4 |a divadlo 
650 4 |a scénografia 
650 4 |a architektúra 
650 4 |a divadlá 
650 4 |a vysokoškolská pedagogika 
650 4 |a humanitné vzdelávanie 
700 1 |a Ptačin, Ján  |r Z5  |4 rev 
700 1 |a Nagyová, Nora  |r Z5  |4 rev 
996 |b 284AS03898  |c A* 13194/S  |l AAKNST  |s P  |a 0  |w 0105350_0001 
996 |b 284AS03899  |c A* 13195/S  |l AAKNST  |s P  |a 0  |w 0105350_0002 
996 |b 284AS03900  |c A* 13196/S  |l AAKNST  |s P  |a 0  |w 0105350_0003